Research report summaries '70

Salvato in:
Dettagli Bibliografici
Ente Autore: Research Institute of Telecommunications and Economics
Natura: Libro
Lingua:Undetermined
Pubblicazione: Tokyo Research Institute of Telecommunications and Economics
Soggetti:
Tags: Aggiungi Tag
Nessun Tag, puoi essere il primo ad aggiungerne! !
Thư viện lưu trữ: Trung tâm Học liệu Trường Đại học Cần Thơ
LEADER 00602nam a2200181Ia 4500
001 CTU_98705
008 210402s9999 xx 000 0 und d
082 |a 384.09 
082 |b R432 
110 |a Research Institute of Telecommunications and Economics 
245 0 |a Research report summaries '70 
245 0 |c Research Institute of Telecommunications and Economics 
260 |a Tokyo 
260 |b Research Institute of Telecommunications and Economics 
650 |a Telecommunication 
650 |x Developing countries 
904 |i Giang 
980 |a Trung tâm Học liệu Trường Đại học Cần Thơ